000 00744nam a22002297a 4500
003 0
005 20250917142903.0
008 250917b xxu||||| |||| 00| 0 eng d
020 _a978-93-5751-447-7
050 _aQ 335
_b.S53 2025
100 _aShaw, Riley,
_eauthor.
245 _aA First course in artificial intelligence /
_cRiley Shaw.
250 _aFirst edition.
260 _aNew Delhi, India :
_bRandom Publications LLP,
_c2025.
300 _axi, 316 pages :
_billustrations ;
_c24 cm.
504 _aIncludes bibliographical references and index.
650 _aArtificial intelligence.
650 _aMachine learning.
650 _aExpert systems (Computer science).
650 _aComputational intelligence.
942 _2lcc
_cBK
999 _c368016
_d368016